000 00783nam a22002417a 4500
005 20251108173421.0
008 250721s2005 xx 000 0 ara d
020 _a9953631999
082 1 4 _aط/ق/لجن
100 1 _aروجر، تري
245 1 0 _aالصوص و البطة الصغيرة /
264 1 _aبيروت :
_bدار العلم للملايين،
_c2005.
300 _a31ص.
490 0 _aنادي القراء : المستوى الاول
650 1 7 _aالتعليم قبل المدرسة
650 1 7 _aمدارس الحضانة
650 1 7 _aالقراءة
650 1 7 _aالقصص القصيرة
653 _aمرحلة ماقبل المدرسة (0-5سنة)
710 2 _aلجنة التأليف الربوي
942 _2ddc
_cBK
999 _c103372
_d103372